[Event "Tatranska Lomnica Tatry op"]
[Site "Tatranska Lomnica"]
[Date "2021.10.09"]
[Round "9"]
[White "Vojta, Tomas"]
[Black "Daels, Marc"]
[Result "1/2-1/2"]
[WhiteElo "2301"]
[BlackElo "2173"]
[PlyCount "85"]
[EventDate "2021.10.02"]
[EventType "swiss"]
[EventRounds "9"]
[EventCountry "SVK"]
[SourceTitle "EXT 2023"]
[Source "ChessBase"]
[SourceDate "2022.10.05"]
[SourceVersion "1"]
[SourceVersionDate "2022.10.05"]
[SourceQuality "1"]

1. d4 Nf6 2. c3 g6 3. Nf3 Bg7 4. Bg5 d5 5. Nbd2 Nbd7 6. e3 0-0 7. h4 c5 8. Bd3 b6 9. Qe2 Bb7 10. Bf4 Ne4 11. h5 e5 12. Nxe5 Nxe5 13. Bxe5 Bxe5 14. dxe5 Qg5 15. hxg6 fxg6 16. Nxe4 dxe4 17. Bxe4 Bxe4 18. Qc4+ Rf7 19. Qxe4 Re8 20. f4 Qg3+ 21. Ke2 g5 22. Raf1 gxf4 23. exf4 Rd8 24. Rh3 Qg4+ 25. Qf3 Qf5 26. Kf2 Qxf4 27. Rg3+ Kf8 28. Kg1 Qc4 29. Qxf7+ Qxf7 30. Rgf3 Qxf3 31. gxf3 Kf7 32. f4 Ke6 33. Rf2 Kf5 34. Kg2 Rd3 35. Kf1 Re3 36. Kg2 h5 37. Rf3 Re2+ 38. Kg3 Rxb2 39. a4 Re2 40. Kh4 Rh2+ 41. Kg3 Re2 42. Kh4 Rh2+ 43. Kg3 1/2-1/2

[Event "Tatranska Lomnica Tatry op"]
[Site "Tatranska Lomnica"]
[Date "2021.10.08"]
[Round "8"]
[White "Daels, Marc"]
[Black "Motuz, Karol"]
[Result "1/2-1/2"]
[WhiteElo "2173"]
[BlackElo "2330"]
[PlyCount "61"]
[EventDate "2021.10.02"]
[EventType "swiss"]
[EventRounds "9"]
[EventCountry "SVK"]
[SourceTitle "EXT 2023"]
[Source "ChessBase"]
[SourceDate "2022.10.05"]
[SourceVersion "1"]
[SourceVersionDate "2022.10.05"]
[SourceQuality "1"]

1. d4 d5 2. Nf3 Nf6 3. g3 c6 4. Bg2 Bf5 5. c4 e6 6. Nc3 Nbd7 7. Qb3 Qb6 8. c5 Qa6 9. Nh4 Bg4 10. h3 Bh5 11. g4 Bg6 12. Nxg6 hxg6 13. 0-0 b6 14. cxb6 axb6 15. e4 dxe4 16. Nxe4 Nd5 17. Bg5 Qa4 18. Qd3 Rc8 19. Rfc1 Qa8 20. Qg3 Qb8 21. Qxb8 Nxb8 22. Rc4 Be7 23. Bd2 Kd7 24. Rac1 Rhd8 25. a4 Ke8 26. b4 Kd7 27. b5 cxb5 28. Rxc8 Rxc8 29. Rxc8 Kxc8 30. axb5 Kd8 31. Nc3 1/2-1/2

[Event "Tatry op"]
[Site "Tatranske Zruby"]
[Date "2019.09.30"]
[Round "4"]
[White "Daels, Marc"]
[Black "Koval, Anton"]
[Result "1/2-1/2"]
[WhiteElo "2226"]
[BlackElo "2019"]
[PlyCount "104"]
[EventDate "2019.09.28"]
[EventType "swiss"]
[EventRounds "9"]
[EventCountry "SVK"]
[SourceTitle "EXT 2020"]
[Source "ChessBase"]
[SourceDate "2019.10.17"]
[SourceVersion "1"]
[SourceVersionDate "2019.10.17"]
[SourceQuality "1"]

1. d4 Nf6 2. c4 e6 3. g3 c5 4. d5 exd5 5. cxd5 d6 6. Nc3 Be7 7. Bg2 0-0 8. Nf3 a6 9. a4 Nbd7 10. 0-0 Rb8 11. a5 b5 12. axb6 Nxb6 13. e4 Bb7 14. Re1 Re8 15. Bf1 Ra8 16. b3 Nfd7 17. Bb2 Bf6 18. h3 h6 19. Kh2 g5 20. Rb1 Nf8 21. Qd2 Ng6 22. Bd3 Nd7 23. Nd1 Bxb2 24. Qxb2 Bc8 25. Ne3 Nde5 26. Nxe5 Nxe5 27. Be2 Qf6 28. Kg2 Qg6 29. f3 f5 30. exf5 Bxf5 31. Rbd1 Bd3 32. Qc3 Bxe2 33. Rxe2 Rf8 34. Ng4 Nxg4 35. hxg4 Rae8 36. Rde1 Rxe2+ 37. Rxe2 Re8 38. Rxe8+ Qxe8 39. Qd3 Kg7 40. f4 Qb5 41. Qe3 Qb7 42. Qc3+ Kg8 43. Qd3 Qg7 44. Kf3 Qf6 45. Qe3 Kg7 46. Qd3 Qa1 47. Kg2 Qb2+ 48. Kf3 Qa1 49. Kg2 Qb2+ 50. Kf3 Qa1 51. Kf2 Qb2+ 52. Ke3 Qg2 1/2-1/2

[Event "Tatry op"]
[Site "Tatranske Zruby"]
[Date "2019.09.29"]
[Round "2"]
[White "Daels, Marc"]
[Black "Jablonicky, Frantisek"]
[Result "1-0"]
[WhiteElo "2226"]
[BlackElo "2008"]
[PlyCount "65"]
[EventDate "2019.09.28"]
[EventType "swiss"]
[EventRounds "9"]
[EventCountry "SVK"]
[SourceTitle "EXT 2020"]
[Source "ChessBase"]
[SourceDate "2019.10.17"]
[SourceVersion "1"]
[SourceVersionDate "2019.10.17"]
[SourceQuality "1"]

1. d4 f5 2. c4 Nf6 3. g3 g6 4. Bg2 Bg7 5. Nf3 0-0 6. 0-0 d6 7. Nc3 Qe8 8. d5 Na6 9. Rb1 Nc5 10. Nd4 a5 11. b3 Bd7 12. a3 c6 13. dxc6 bxc6 14. b4 axb4 15. axb4 Nfe4 16. Nxe4 Nxe4 17. Qd3 Ra2 18. f3 c5 19. fxe4 Bxd4+ 20. Be3 fxe4 21. Bxe4 Rxf1+ 22. Rxf1 Bh3 23. Rd1 Bxe3+ 24. Qxe3 cxb4 25. c5 Ra3 26. Qd4 b3 27. cxd6 Ra4 28. Qd5+ e6 29. Qg5 Qd7 30. Bxg6 Rg4 31. Qe7 Qc8 32. Qf7+ Kh8 33. Qxh7# 1-0

[Event "Cappelle op 35th"]
[Site "Cappelle la Grande"]
[Date "2019.02.17"]
[Round "2"]
[White "Fedorchuk, Sergey A"]
[Black "Daels, Marc"]
[Result "1-0"]
[WhiteElo "2604"]
[BlackElo "2254"]
[PlyCount "131"]
[EventDate "2019.02.16"]
[EventType "swiss"]
[EventRounds "9"]
[EventCountry "FRA"]
[SourceTitle "CBM 189 Extra"]
[Source "ChessBase"]
[SourceDate "2019.05.31"]
[SourceVersion "1"]
[SourceVersionDate "2019.05.31"]
[SourceQuality "1"]

1. e4 c5 2. Nf3 Nc6 3. Bb5 Nf6 4. Nc3 g6 5. 0-0 Bg7 6. e5 Ng4 7. Bxc6 dxc6 8. Re1 0-0 9. d3 f6 10. Bf4 Nxe5 11. Nxe5 fxe5 12. Bxe5 Bxe5 13. Rxe5 Qd4 14. Re3 Bd7 15. Qe2 Rae8 16. Re1 Rf7 17. Re4 Qd6 18. Qe3 b6 19. h3 Bf5 20. Re5 Qd4 21. Qe2 Bd7 22. Qd2 Ref8 23. Nd1 Qd6 24. R1e2 Re8 25. Qe1 Kf8 26. b3 Rf5 27. Nb2 Rxe5 28. Rxe5 Qd4 29. Nc4 Bf5 30. Re3 Qd5 31. Ne5 Kg8 32. Nf3 Qd6 33. Re5 Qf6 34. Qe3 Kg7 35. Ng5 h6 36. Ne6+ Kf7 37. Nf4 Rd8 38. a4 Rd6 39. g4 Bd7 40. Kg2 Bc8 41. Kg3 Rd4 42. f3 g5 43. Nh5 Qd6 44. f4 Rd5 45. Re4 Rd4 46. Qf3 Rxe4 47. Qxe4 Ke8 48. h4 Kd8 49. Kh3 gxf4 50. Nxf4 Qd4 51. Qxd4+ cxd4 52. h5 Ke8 53. Kh4 Kf7 54. g5 Bf5 55. gxh6 e5 56. Nh3 c5 57. Ng5+ Kf6 58. h7 Kg7 59. h6+ Kh8 60. Kh5 a6 61. Nf7+ Kxh7 62. Nxe5 b5 63. a5 Bh3 64. Nf3 Bd7 65. Ng5+ Kg8 66. Ne4 1-0

[Event "Tatry op"]
[Site "Tatranska Lomnica"]
[Date "2017.10.15"]
[Round "9"]
[White "Daels, Marc"]
[Black "Krnan, Tomas"]
[Result "0-1"]
[WhiteElo "2285"]
[BlackElo "2436"]
[PlyCount "76"]
[EventDate "2017.10.08"]
[EventType "swiss"]
[EventRounds "9"]
[EventCountry "SVK"]
[SourceTitle "CBM 181 Extra"]
[Source "ChessBase"]
[SourceDate "2017.12.12"]
[SourceVersion "1"]
[SourceVersionDate "2017.12.12"]
[SourceQuality "1"]

1. d4 Nf6 2. c4 e6 3. g3 c5 4. d5 exd5 5. cxd5 d6 6. Nc3 g6 7. Nf3 Bg7 8. Bg2 0-0 9. 0-0 Re8 10. Bf4 Na6 11. Re1 Bf5 12. Nh4 Bd7 13. Qd2 b5 14. a4 b4 15. Nb5 Bxb5 16. axb5 Nc7 17. e4 Nxb5 18. e5 dxe5 19. Bxe5 Qb6 20. Rad1 Rad8 21. h3 Ne4 22. Rxe4 Rxe5 23. Rxe5 Bxe5 24. Nf3 Bf6 25. Re1 Nd6 26. Bf1 a5 27. Ne5 Bxe5 28. Rxe5 a4 29. h4 a3 30. bxa3 bxa3 31. h5 Qb2 32. Qg5 Ra8 33. h6 a2 34. Qf6 Qxe5 35. Qxe5 a1Q 36. Qxd6 Qd4 37. Ba6 Qa1+ 38. Kg2 Qxa6 0-1

[Event "Tatry op"]
[Site "Tatranska Lomnica"]
[Date "2017.10.08"]
[Round "1"]
[White "Daels, Marc"]
[Black "Jablonicky, Frantisek"]
[Result "1-0"]
[WhiteElo "2285"]
[BlackElo "2046"]
[PlyCount "111"]
[EventDate "2017.10.08"]
[EventType "swiss"]
[EventRounds "9"]
[EventCountry "SVK"]
[SourceTitle "CBM 181 Extra"]
[Source "ChessBase"]
[SourceDate "2017.12.12"]
[SourceVersion "1"]
[SourceVersionDate "2017.12.12"]
[SourceQuality "1"]

1. d4 f5 2. c4 Nf6 3. g3 g6 4. Bg2 Bg7 5. Nf3 0-0 6. 0-0 d6 7. Nc3 Qe8 8. d5 Na6 9. Rb1 Bd7 10. b4 c5 11. dxc6 bxc6 12. a3 Nc7 13. Bb2 a5 14. b5 Rb8 15. a4 Ne6 16. Ba1 g5 17. e3 h5 18. h4 g4 19. Nd2 Nc5 20. Qc2 e5 21. bxc6 Rxb1 22. Rxb1 Bxc6 23. Bxc6 Qxc6 24. Rb5 f4 25. exf4 exf4 26. gxf4 Ne6 27. Ne2 Ne4 28. Bxg7 Nxd2 29. Qxd2 Kxg7 30. Nd4 Qxc4 31. Nxe6+ Qxe6 32. Rxh5 Rf5 33. Rxf5 Qxf5 34. Qxd6 Qb1+ 35. Kh2 Qf1 36. Qd4+ Kf8 37. Qe3 Qc4 38. h5 Qxa4 39. Qc5+ Kg7 40. Qe5+ Kh7 41. f5 Qc2 42. Qf4 g3+ 43. Kxg3 Qc3+ 44. Kg2 Qf6 45. Kf1 a4 46. Qxa4 Qxf5 47. Qd1 Kh6 48. Qe2 Qh3+ 49. Kg1 Qf5 50. Kh2 Qxh5+ 51. Qxh5+ Kxh5 52. Kh3 Kg5 53. Kg3 Kf5 54. Kf3 Ke5 55. Kg4 Ke4 56. f4 1-0

[Event "Iasi op 3rd"]
[Site "Iasi"]
[Date "2016.06.17"]
[Round "6"]
[White "Daels, Marc"]
[Black "Georgescu, Tiberiu Marian"]
[Result "0-1"]
[WhiteElo "2271"]
[BlackElo "2460"]
[PlyCount "66"]
[EventDate "2016.06.13"]
[EventType "swiss"]
[EventRounds "9"]
[EventCountry "ROU"]
[SourceTitle "CBM 173 Extra"]
[Source "ChessBase"]
[SourceDate "2016.08.29"]
[SourceVersion "1"]
[SourceVersionDate "2016.08.29"]
[SourceQuality "1"]

1. d4 Nf6 2. c4 e6 3. g3 d5 4. Nf3 Bb4+ 5. Bd2 Bd6 6. Bg2 0-0 7. 0-0 Nbd7 8. Qc2 c6 9. Bf4 Bxf4 10. gxf4 Ne4 11. Nbd2 f5 12. e3 Rf6 13. b4 Rh6 14. b5 Ndf6 15. Ne5 cxb5 16. cxb5 Bd7 17. Nxe4 dxe4 18. Qb3 Nd5 19. f3 Qh4 20. Nxd7 Qxh2+ 21. Kf2 Rg6 22. Rg1 exf3 23. Kxf3 Rg3+ 24. Kf2 Nxf4 25. exf4 Rxb3 26. axb3 Qxf4+ 27. Ke2 Rc8 28. Rad1 Rc2+ 29. Kd3 Rxg2 30. Rxg2 Qf3+ 31. Kc4 Qxd1 32. Ra2 Qf1+ 33. Kb4 Qd3 0-1

[Event "Iasi op 3rd"]
[Site "Iasi"]
[Date "2016.06.16"]
[Round "5"]
[White "Daels, Marc"]
[Black "Miron, Lucian Costin"]
[Result "1/2-1/2"]
[WhiteElo "2271"]
[BlackElo "2524"]
[PlyCount "54"]
[EventDate "2016.06.13"]
[EventType "swiss"]
[EventRounds "9"]
[EventCountry "ROU"]
[SourceTitle "CBM 173 Extra"]
[Source "ChessBase"]
[SourceDate "2016.08.29"]
[SourceVersion "1"]
[SourceVersionDate "2016.08.29"]
[SourceQuality "1"]

1. d4 Nf6 2. c4 e6 3. g3 c5 4. d5 exd5 5. cxd5 Bd6 6. Nc3 0-0 7. Nf3 Re8 8. Bg2 Bf8 9. 0-0 d6 10. Nd2 Na6 11. b3 Bd7 12. Bb2 b5 13. Re1 Nc7 14. e4 b4 15. Ncb1 a5 16. a4 bxa3 17. Nxa3 Na6 18. Ndc4 Nb4 19. e5 dxe5 20. Nxe5 Bf5 21. Qf3 Qc8 22. Rad1 Rd8 23. d6 Ra6 24. d7 Bxd7 25. Rxd7 Rxd7 26. Nxd7 Qxd7 27. Bf1 Re6 1/2-1/2

[Event "Cappelle op 32nd"]
[Site "Cappelle la Grande"]
[Date "2016.02.13"]
[Round "1"]
[White "Daels, Marc"]
[Black "Bellahcene, Bilel"]
[Result "0-1"]
[WhiteElo "2262"]
[BlackElo "2476"]
[PlyCount "100"]
[EventDate "2016.02.13"]
[EventType "swiss"]
[EventRounds "9"]
[EventCountry "FRA"]
[SourceTitle "EXT 2017"]
[Source "ChessBase"]
[SourceDate "2016.10.25"]
[SourceVersion "1"]
[SourceVersionDate "2016.10.25"]
[SourceQuality "1"]

1. d4 d5 2. Nf3 e6 3. c4 c6 4. g3 f5 5. Bg2 Nf6 6. 0-0 Bd6 7. b3 Qe7 8. Bb2 0-0 9. Ne5 a5 10. Nd2 Bd7 11. Qc2 Be8 12. Ndf3 Ne4 13. Nd3 Na6 14. Nfe5 h6 15. f3 Nf6 16. Rae1 Nb4 17. Qb1 Nxd3 18. exd3 g5 19. Re2 Qg7 20. Kh1 Kh8 21. Bc3 b5 22. Qe1 b4 23. Bb2 Ra7 24. Qf2 Qg8 25. Rfe1 Rh7 26. Nxc6 Bxc6 27. Rxe6 Ne8 28. c5 Bd7 29. Rxd6 Nxd6 30. cxd6 f4 31. Re5 Rf6 32. a3 Rxd6 33. axb4 axb4 34. Qe1 Qg6 35. Bc1 Rf7 36. Qe2 Kh7 37. Bb2 Re6 38. Qd2 Rxe5 39. dxe5 Bb5 40. Qxb4 Qxd3 41. Qe1 Qxb3 42. e6 Re7 43. Bc3 Bd3 44. Bf1 Bxf1 45. Qe5 Bh3 46. Qh8+ Kg6 47. Qf6+ Kh5 48. g4+ Bxg4 49. fxg4+ Kxg4 50. h3+ Kf3 0-1

[Event "Plzen op 7th"]
[Site "Plzen"]
[Date "2015.11.26"]
[Round "5"]
[White "Kuba, Stanislav"]
[Black "Daels, Marc"]
[Result "0-1"]
[WhiteElo "2135"]
[BlackElo "2238"]
[PlyCount "22"]
[EventDate "2015.11.22"]
[EventType "swiss"]
[EventRounds "7"]
[EventCountry "CZE"]
[SourceTitle "CBM 169 Extra"]
[Source "ChessBase"]
[SourceDate "2015.12.18"]
[SourceVersion "1"]
[SourceVersionDate "2015.12.18"]
[SourceQuality "1"]

1. g3 e5 2. c4 Nf6 3. Nc3 d5 4. cxd5 Nxd5 5. Bg2 Nb6 6. Nf3 Nc6 7. 0-0 Be7 8. a3 0-0 9. b4 Be6 10. b5 Nd4 11. Nxe5 Bb3 0-1

[Event "Prague op-A 14th"]
[Site "Prague"]
[Date "2015.01.16"]
[Round "9"]
[White "Daels, Marc"]
[Black "Nitish, Belurkar"]
[Result "1-0"]
[WhiteElo "2237"]
[BlackElo "1967"]
[PlyCount "47"]
[EventDate "2015.01.09"]
[EventType "swiss"]
[EventRounds "9"]
[EventCountry "CZE"]
[SourceTitle "CBM 164 Extra"]
[Source "ChessBase"]
[SourceDate "2015.03.02"]
[SourceVersion "1"]
[SourceVersionDate "2015.03.02"]
[SourceQuality "1"]

1. e4 d5 2. exd5 Nf6 3. d4 Bg4 4. f3 Bf5 5. Bb5+ c6 6. dxc6 Nxc6 7. Nc3 e6 8. Nge2 Bd6 9. Bg5 Qa5 10. Bxf6 gxf6 11. d5 0-0-0 12. dxc6 Bg3+ 13. hxg3 Rxd1+ 14. Rxd1 bxc6 15. Bd3 Bxd3 16. Rxd3 Kc7 17. Rh4 Rd8 18. Rxh7 Rf8 19. Rh4 e5 20. Rc4 Kb7 21. Rd7+ Kb6 22. Ra4 Qc5 23. Rdxa7 Qe3 24. b4 1-0

[Event "Prague op-A 14th"]
[Site "Prague"]
[Date "2015.01.10"]
[Round "2"]
[White "Daels, Marc"]
[Black "Hincu, Olga"]
[Result "1-0"]
[WhiteElo "2237"]
[BlackElo "2034"]
[PlyCount "57"]
[EventDate "2015.01.09"]
[EventType "swiss"]
[EventRounds "9"]
[EventCountry "CZE"]
[SourceTitle "CBM 164 Extra"]
[Source "ChessBase"]
[SourceDate "2015.03.02"]
[SourceVersion "1"]
[SourceVersionDate "2015.03.02"]
[SourceQuality "1"]

1. e4 e6 2. d4 d5 3. Nc3 Nf6 4. Bg5 dxe4 5. Nxe4 Nbd7 6. Nf3 h6 7. Nxf6+ Nxf6 8. Be3 Nd5 9. Bd2 c5 10. Ne5 Bd6 11. Qg4 Qf6 12. Bb5+ Ke7 13. 0-0-0 a6 14. Bc4 cxd4 15. Rhe1 Bxe5 16. Bxd5 Rd8 17. Bf3 d3 18. c3 a5 19. Qe4 Bd6 20. Be3 a4 21. Rxd3 a3 22. b3 Ra6 23. Kc2 e5 24. Bd4 Ra5 25. Bb6 Bc7 26. Bxc7 Rxd3 27. Qxd3 Bf5 28. Be4 Bxe4 29. Rxe4 1-0

[Event "Prague op-A 14th"]
[Site "Prague"]
[Date "2015.01.10"]
[Round "3"]
[White "Nilsen, Joachim Birger"]
[Black "Daels, Marc"]
[Result "1-0"]
[WhiteElo "2398"]
[BlackElo "2237"]
[PlyCount "95"]
[EventDate "2015.01.09"]
[EventType "swiss"]
[EventRounds "9"]
[EventCountry "CZE"]
[SourceTitle "CBM 164 Extra"]
[Source "ChessBase"]
[SourceDate "2015.03.02"]
[SourceVersion "1"]
[SourceVersionDate "2015.03.02"]
[SourceQuality "1"]

1. c4 Nf6 2. g3 e5 3. Bg2 d5 4. cxd5 Nxd5 5. Nf3 Nc6 6. 0-0 Be7 7. Nc3 Nb6 8. a3 0-0 9. b4 Be6 10. d3 f6 11. Bb2 Qd7 12. Nd2 Rfd8 13. Rc1 Rac8 14. Nb3 Nd4 15. Na5 c6 16. Ne4 Nd5 17. e3 Bg4 18. Qe1 Ne2+ 19. Kh1 Nxc1 20. Bxc1 b6 21. Nb3 Be6 22. Ned2 c5 23. bxc5 Bxc5 24. Bb2 Bd6 25. d4 Qb5 26. e4 Nc3 27. d5 Bd7 28. Qe3 Na4 29. Ba1 Bxa3 30. f4 Bd6 31. Nf3 Re8 32. fxe5 Bxe5 33. Nxe5 fxe5 34. Nd2 Rf8 35. Bxe5 Rxf1+ 36. Bxf1 Qc5 37. Bd4 Qf8 38. e5 Rc2 39. Bd3 Rc1+ 40. Kg2 Bf5 41. Ne4 Qa3 42. g4 Rd1 43. Qg5 Rxd3 44. Qxf5 Qa2+ 45. Bf2 Qxd5 46. Qc8+ Kf7 47. e6+ Kg6 48. Qe8+ 1-0

[Event "Prague op-A 14th"]
[Site "Prague"]
[Date "2015.01.09"]
[Round "1"]
[White "Pribyl, Jaroslav1"]
[Black "Daels, Marc"]
[Result "0-1"]
[WhiteElo "1923"]
[BlackElo "2237"]
[PlyCount "58"]
[EventDate "2015.01.09"]
[EventType "swiss"]
[EventRounds "9"]
[EventCountry "CZE"]
[SourceTitle "CBM 164 Extra"]
[Source "ChessBase"]
[SourceDate "2015.03.02"]
[SourceVersion "1"]
[SourceVersionDate "2015.03.02"]
[SourceQuality "1"]

1. d4 Nf6 2. Nf3 c5 3. d5 e6 4. c4 d6 5. Nc3 exd5 6. cxd5 g6 7. e4 a6 8. a4 Bg4 9. Bd3 Nbd7 10. h3 Bxf3 11. gxf3 Nh5 12. f4 Bg7 13. Be2 Nhf6 14. Be3 0-0 15. h4 Re8 16. Qc2 Qa5 17. Bd2 c4 18. h5 Nc5 19. hxg6 fxg6 20. Nb5 Qb6 21. Nxd6 Nd3+ 22. Bxd3 cxd3 23. Nc4 Qd4 24. Qb3 Qxe4+ 25. Be3 Qxh1+ 26. Kd2 Qxa1 27. d6 Ne4+ 28. Kxd3 Qf1+ 29. Kc2 Rac8 0-1

[Event "BEL-ch op"]
[Site "Antwerp"]
[Date "2013.07.13"]
[Round "8"]
[White "Daels, Marc"]
[Black "Akhayan, Ruben"]
[Result "1/2-1/2"]
[WhiteElo "2213"]
[BlackElo "2245"]
[PlyCount "132"]
[EventDate "2013.07.06"]
[EventType "swiss"]
[EventRounds "9"]
[EventCountry "BEL"]
[SourceTitle "CBM 155 Extra"]
[Source "ChessBase"]
[SourceDate "2013.08.26"]
[SourceVersion "1"]
[SourceVersionDate "2013.08.26"]
[SourceQuality "1"]

1. e4 e5 2. Nf3 Nc6 3. Bc4 Nf6 4. Ng5 d5 5. exd5 Na5 6. Bb5+ c6 7. dxc6 bxc6 8. Qf3 Be7 9. Bxc6+ Nxc6 10. Qxc6+ Bd7 11. Qf3 0-0 12. d3 Ng4 13. Nh3 Qc8 14. Nc3 Bc6 15. Qg3 f5 16. Bg5 f4 17. Qh4 Bb4 18. 0-0 h6 19. Rae1 hxg5 20. Nxg5 Qf5 21. h3 Nh6 22. g4 fxg3 23. Qxg3 Rae8 24. Re2 Qf4 25. Qxf4 exf4 26. Rfe1 Rxe2 27. Rxe2 Rf5 28. h4 Bxc3 29. bxc3 Rb5 30. f3 Rb1+ 31. Kf2 Nf5 32. Re6 Rb6 33. Nh3 Nxh4 34. Nxf4 Kf7 35. Rd6 Nf5 36. Rg6 Ne7 37. Rg5 Ra6 38. Ne2 Rxa2 39. Nd4 Be8 40. c4 a5 41. Ke3 a4 42. Ra5 Nc6 43. Nxc6 Bxc6 44. Ra7+ Kf8 45. Ra6 Be8 46. Kd2 Rb2 47. c5 Rb7 48. d4 Rc7 49. c4 g5 50. Ke3 Re7+ 51. Kf2 Rc7 52. Ke3 Re7+ 53. Kf2 Rc7 54. Kg3 Rb7 55. c6 Bxc6 56. Rxc6 Ra7 57. Rh6 a3 58. Rh8+ Kg7 59. Rh1 a2 60. Ra1 Ra4 61. c5 Kf6 62. c6 Rxd4 63. Rxa2 Rc4 64. Ra6 Kf5 65. Rb6 Rc2 66. Rb5+ Kf6 1/2-1/2

[Event "BEL-ch op"]
[Site "Antwerp"]
[Date "2013.07.10"]
[Round "5"]
[White "Bex, Lennert"]
[Black "Daels, Marc"]
[Result "1/2-1/2"]
[WhiteElo "1837"]
[BlackElo "2213"]
[PlyCount "50"]
[EventDate "2013.07.06"]
[EventType "swiss"]
[EventRounds "9"]
[EventCountry "BEL"]
[SourceTitle "CBM 155 Extra"]
[Source "ChessBase"]
[SourceDate "2013.08.26"]
[SourceVersion "1"]
[SourceVersionDate "2013.08.26"]
[SourceQuality "1"]

1. c4 e5 2. g3 Nf6 3. Bg2 d5 4. cxd5 Nxd5 5. Nc3 Nb6 6. Nf3 Nc6 7. b3 g6 8. Bb2 Bg7 9. 0-0 0-0 10. Qc1 Re8 11. d3 Nd4 12. Nd2 c6 13. h3 f5 14. Nc4 Nd5 15. Qd2 b5 16. Nxd5 cxd5 17. e3 Nc6 18. Na3 a6 19. Nc2 Bb7 20. Nb4 Nxb4 21. Qxb4 Bf8 22. Qd2 Bd6 23. Rac1 Qe7 24. Rc2 Rac8 25. Rfc1 Bb4 1/2-1/2

[Event "BEL-chT 1112"]
[Site "Belgium"]
[Date "2012.04.01"]
[Round "11.2"]
[White "Daels, Marc"]
[Black "Bokros, Albert"]
[Result "0-1"]
[WhiteElo "2233"]
[BlackElo "2452"]
[PlyCount "86"]
[EventDate "2011.10.09"]
[EventType "team-tourn"]
[EventRounds "11"]
[EventCountry "BEL"]
[SourceTitle "EXT 2013"]
[Source "ChessBase"]
[SourceDate "2012.11.22"]
[SourceVersion "1"]
[SourceVersionDate "2012.11.22"]
[SourceQuality "1"]
[WhiteTeam "Jean Jaures"]
[BlackTeam "Bruges"]
[WhiteTeamCountry "BEL"]
[BlackTeamCountry "BEL"]

1. e4 c5 2. c3 Nf6 3. e5 Nd5 4. d4 cxd4 5. Nf3 e6 6. cxd4 d6 7. Bc4 Nc6 8. 0-0 Be7 9. Qe2 0-0 10. Qe4 Qc7 11. a3 Bd7 12. Re1 Rac8 13. exd6 Qxd6 14. Ba2 f5 15. Qd3 Bf6 16. Nc3 Nxc3 17. bxc3 Kh8 18. Bg5 e5 19. Bxf6 e4 20. Qe3 Rxf6 21. Ng5 Rcf8 22. f3 exf3 23. Qxf3 h6 24. Qh5 Nd8 25. Kh1 Bc6 26. d5 Bd7 27. c4 Qxa3 28. Re2 Kg8 29. Nf3 Nf7 30. Rae1 b6 31. h3 a5 32. Nd4 Ng5 33. Ne6 Bxe6 34. dxe6 Ne4 35. Rxe4 fxe4 36. c5 Qxa2 37. e7 bxc5 38. exf8Q+ Rxf8 39. Qxc5 Qe6 40. Qxa5 e3 41. Re2 Rf1+ 42. Kh2 Qd6+ 43. g3 Qd3 0-1

[Event "BEL-chT 1112"]
[Site "Belgium"]
[Date "2012.01.29"]
[Round "7.1"]
[White "Guliyev, Namig"]
[Black "Daels, Marc"]
[Result "1/2-1/2"]
[WhiteElo "2554"]
[BlackElo "2233"]
[PlyCount "94"]
[EventDate "2011.10.09"]
[EventType "team-tourn"]
[EventRounds "11"]
[EventCountry "BEL"]
[SourceTitle "EXT 2013"]
[Source "ChessBase"]
[SourceDate "2012.11.22"]
[SourceVersion "1"]
[SourceVersionDate "2012.11.22"]
[SourceQuality "1"]
[WhiteTeam "Fontaine"]
[BlackTeam "Jean Jaures"]
[WhiteTeamCountry "BEL"]
[BlackTeamCountry "BEL"]

1. e4 c5 2. Nf3 Nc6 3. Nc3 Nf6 4. Bb5 g6 5. e5 Ng4 6. Bxc6 dxc6 7. h3 Nh6 8. d3 Nf5 9. Bf4 Bg7 10. Qd2 Nd4 11. 0-0-0 Nxf3 12. gxf3 Qa5 13. Qe3 Be6 14. Ne4 Qxa2 15. Nxc5 0-0-0 16. Kd2 Qa5+ 17. Ke2 Rd5 18. Nxe6 fxe6 19. Ra1 Qc5 20. Qxc5 Rxc5 21. c4 a5 22. Ra4 Rd8 23. Rd1 Bxe5 24. b4 axb4 25. Be3 Bd4 26. Ra8+ Kc7 27. Rxd8 Bxe3 28. Re8 Kd7 29. Rb8 Kc7 30. Rh8 Bd4 31. Rxh7 Re5+ 32. Kf1 b3 33. Rxe7+ Kb6 34. f4 Rf5 35. Ke2 Rxf4 36. f3 Rh4 37. Rb1 b2 38. Rxe6 Rxh3 39. f4 Rg3 40. Kd2 Kc5 41. Kc2 Rg2+ 42. Kb3 Rd2 43. Rf1 Rxd3+ 44. Ka2 Kb4 45. Kb1 Ra3 46. Kc2 Rc3+ 47. Kb1 Ra3 1/2-1/2

[Event "BEL-chT 1112"]
[Site "Belgium"]
[Date "2011.11.06"]
[Round "3.4"]
[White "Bachkourinski, Grigori"]
[Black "Daels, Marc"]
[Result "1/2-1/2"]
[WhiteElo "2185"]
[BlackElo "2233"]
[PlyCount "25"]
[EventDate "2011.10.09"]
[EventType "team-tourn"]
[EventRounds "11"]
[EventCountry "BEL"]
[SourceTitle "EXT 2012"]
[Source "ChessBase"]
[SourceDate "2011.11.24"]
[SourceVersion "1"]
[SourceVersionDate "2011.11.24"]
[SourceQuality "1"]
[WhiteTeam "Eynatten"]
[BlackTeam "Jean Jaures"]
[WhiteTeamCountry "BEL"]
[BlackTeamCountry "BEL"]

1. c4 e5 2. g3 Nf6 3. Bg2 d5 4. cxd5 Nxd5 5. Nc3 Nb6 6. Nf3 Nc6 7. 0-0 Be7 8. b3 0-0 9. Bb2 Be6 10. d4 exd4 11. Nb5 Bd5 12. Nbxd4 Nxd4 13. Nxd4 1/2-1/2

[Event "Tatry op"]
[Site "Tatranske Zruby"]
[Date "2011.10.02"]
[Round "9"]
[White "Daels, Marc"]
[Black "Zemlicka, Vit"]
[Result "1-0"]
[WhiteElo "2233"]
[BlackElo "1949"]
[PlyCount "77"]
[EventDate "2011.09.25"]
[EventType "swiss"]
[EventRounds "9"]
[EventCountry "SVK"]
[SourceTitle "CBM 144 Extra"]
[Source "ChessBase"]
[SourceDate "2011.10.28"]
[SourceVersion "1"]
[SourceVersionDate "2011.10.28"]
[SourceQuality "1"]

1. e4 e5 2. Nf3 Nc6 3. d4 exd4 4. Nxd4 Nf6 5. Nxc6 bxc6 6. e5 Qe7 7. Qe2 Nd5 8. c4 Ba6 9. g3 g6 10. Bg2 Bg7 11. 0-0 0-0 12. Re1 Rfe8 13. Qc2 Nb6 14. Nd2 Qc5 15. b3 Bxe5 16. Rxe5 Rxe5 17. Ne4 Qe7 18. Bb2 d5 19. Qc3 dxe4 20. Qxe5 Qxe5 21. Bxe5 Re8 22. Bxc7 Nd7 23. Rd1 Nc5 24. f3 Re7 25. Rd8+ Kg7 26. Bd6 Rd7 27. Rxd7 Nxd7 28. fxe4 f6 29. e5 Nxe5 30. Bxe5 fxe5 31. Bxc6 Bc8 32. Kf2 Kf6 33. Ke3 a5 34. a3 Ke6 35. Be4 Kd6 36. b4 axb4 37. axb4 Be6 38. c5+ Kc7 39. b5 1-0